header

Successful keyword searching (Record no. 29273)

MARC details
000 -LEADER
fixed length control field 01314nam a2200325 a 4500
082 04 - DEWEY DECIMAL CLASSIFICATION NUMBER
Classification number 025.04
100 1# - MAIN ENTRY--AUTHOR NAME
Personal name MacDonald, Randall M.,
245 10 - TITLE STATEMENT
Title Successful keyword searching
260 ## - PUBLICATION, DISTRIBUTION, ETC. (IMPRINT)
Place of publication Westport, Conn. :
Name of publisher Greenwood Press,
Year of publication 2001.
300 ## - PHYSICAL DESCRIPTION
Number of Pages xviii, 443 p.
650 #0 - SUBJECT ADDED ENTRY--TOPICAL TERM
Topical Term Database searching.
Topical Term Keyword searching.
700 1# - ADDED ENTRY--PERSONAL NAME
Personal name MacDonald, Susan Priest,
856 40 - ELECTRONIC LOCATION AND ACCESS
Uniform Resource Identifier http://site.ebrary.com/lib/rucke/Doc?id=10017966

No items available.

© 2026 Rongo University
Contact us: librarian | system librarian | Rongo university